| 000 | 00494nam a2200169 a 4500 | ||
|---|---|---|---|
| 005 | 20140412111243.0 | ||
| 008 | 010329s19uu xx 00 eng d | ||
| 020 | _a0-8332-2534-0 | ||
| 050 |
_aTR(GS 428.6 _bMAT 1986 |
||
| 100 | _aMatteoni, Louise | ||
| 245 |
_aSea castle / _cLouise Matteoni ; Floyd Sucher ; Marvin Klein ; Karen Welch. |
||
| 260 |
_aOklahoma : _bThe Economy Company, _c1986. |
||
| 300 | _a80 p. | ||
| 440 | _aEconomy Reading Series | ||
| 650 | _aReading | ||
| 999 |
_c102822 _d102822 |
||